000 00288nam a22001337a 4500
008 170912b xxu||||| |||| 00| 0 eng d
020 _a0201071967
041 _aeng
080 _26TH
_a53
100 _a43
101 _aFIZ
245 _aUNIVERSITY PHYSICS
_cSEARS,F.W
942 _2udc
_cBK
999 _c27326
_d27326